000
00364nam a2200121Ia 4500
003
GCL
008
140319s9999 xx 000 0 ara d
040
_a
GCL /
_c
GCL
245
1
0
_a
تم نقل هذا الوعاء على رقم 508
250
_a
الاولى
260
_a
القاهرة :
_b
العربى للنشر والتوزيع ،
_c
0
300
_a
157 ص ؛
_c
25 سم
999
_c
4896
_d
4896